Design of machinery : an introduction to the synthesis and analysis of mechanisms and machines /

This book presents an introduction to the synthesis and analysis of mechanisms and machines in Design of Machinery.

Enregistré dans:
Détails bibliographiques
Auteur principal: Norton, Robert L.
Format: Livre
Langue:English
Publié: New York : McGraw-Hill, 1992.
Édition:2nd ed.
Collection:McGraw-Hill series in mechanical engineering.
Sujets:
Tags: Ajouter un tag
Pas de tags, Soyez le premier à ajouter un tag!
Thư viện lưu trữ: Mạng thư viện Đại học Đà Nẵng
LEADER 01378cam a2200385 a 4500
001 000047554
003 7241
005 20060627144925.0
008 010324b1992 vm 000 eng
020 |a 0070483957 
040 |a IRC  |c IRC  |d IRC 
041 0 |a eng 
082 1 4 |a 621.815  |b NO-R 
100 1 |a Norton, Robert L. 
245 1 0 |a Design of machinery :  |b an introduction to the synthesis and analysis of mechanisms and machines /  |c Robert L. Norton. 
250 |a 2nd ed. 
260 |a New York :  |b McGraw-Hill,  |c 1992. 
300 |a 809 p. ;  |c 23.5 cm. 
440 0 |a McGraw-Hill series in mechanical engineering. 
500 |a Includes bibliographical references and index. 
520 3 |a This book presents an introduction to the synthesis and analysis of mechanisms and machines in Design of Machinery. 
630 0 4 |a Machine design. 
650 0 4 |a Machine design. 
OWN |a DUT 
AVA |a UDN50  |b DUT  |c Book  |d 621.815 NO-R  |e available  |t Error 5001 Not defined in file expand_doc_bib_avail.  |f 2  |g 0  |h N  |i 0  |j SH  |k 1 
999 |a From the UDN01 
AVA |a UDN50  |b DUT  |c Book  |d 621.815 NO-R  |e available  |t Error 5001 Not defined in file expand_doc_bib_avail.  |f 2  |g 0  |h N  |i 0  |j SH  |k 1 
TYP |a Monograph 
TYP |a Printed language 
980 |a Mạng thư viện Đại học Đà Nẵng